| 000 | 00792nam a2200277 i 4500 | ||
|---|---|---|---|
| 001 | 000015939 | ||
| 003 | DO-SdBNP | ||
| 005 | 20251124134713.0 | ||
| 007 | ta | ||
| 008 | 100222s2008 dr 000 0 spa d | ||
| 020 | _a9789945068559 | ||
| 040 |
_aDO-SdBNP _bspa _cBNPHU _erda |
||
| 041 | _aspa | ||
| 082 |
_axxx _bA795f _222 |
||
| 100 | 1 |
_aArvelo, Alejandro _eautor _9147 |
|
| 245 | 1 | 0 |
_aFilosofía del silencio / _cAlejandro Arvelo. |
| 264 |
_aSanto Domingo : _bSantuario, _c2008. |
||
| 300 |
_a36 páginas ; _c22 cm |
||
| 336 |
_ardacontent _btexto _2txt |
||
| 337 |
_ardamedia _bsin mediación _2n |
||
| 338 |
_ardacarrier _bvolumen _2nc |
||
| 500 | _aIncluye datos biográficos del autor en la contracubierta | ||
| 590 | _aInventariado, 2025/DG | ||
| 910 | _aDG | ||
| 942 |
_2ddc _cLF2 |
||
| 999 |
_c15481 _d15481 |
||